000 00385nam a2200157Ia 4500
008 230711s9999||||xx |||||||||||||| ||und||
041 _aENG
082 _a621.3
_bAR-E
100 _aArora,DS
245 0 _aTextbook of engineering materials
250 _a1st
260 _c1988
_aNew Delhi
_bKalyani Publishers House
300 _a331
650 _aElectrical Engineering
942 _cBK
999 _c1727
_d1727